Reseña leída en la sesión pública inaugural celebrada el día 10 de enero de 1894 / (Record no. 165165)

MARC details
000 -LEADER
campo de control de longitud fija 01047nam a2200193 i 4500
001 - NÚMERO DE CONTROL
campo de control 165165
003 - IDENTIFICADOR DE NÚMERO DE CONTROL
campo de control ES-MaACL
005 - FECHA Y HORA DE LA ÚLTIMA TRANSACCIÓN
campo de control 20230906213058.0
008 - DATOS DE LONGITUD FIJA--INFORMACIÓN GENERAL
campo de control de longitud fija 030902s1894 sp |||| | spa d
100 1# - ENTRADA PRINCIPAL--NOMBRE DE PERSONA
Nombre de persona Selva y Rubí, Emilio.
9 (RLIN) 132642
245 10 - MENCIÓN DEL TÍTULO
Título Reseña leída en la sesión pública inaugural celebrada el día 10 de enero de 1894 /
Mención de responsabilidad, etc. por el secretario D. Emilio Selva y Rubí.
260 ## - PUBLICACIÓN, DISTRIBUCIÓN, ETC.
Lugar de publicación, distribución, etc. Barcelona :
Nombre del editor, distribuidor, etc. [s.n.],
Fecha de publicación, distribución, etc. 1894 (
Fabricante Imp. Barcelonesa)
300 ## - DESCRIPCIÓN FÍSICA
Extensión 24 p. ;
Dimensiones 27 cm.
594 ## - Nota al título y mención de responsabilidad
Nota al título y mención de responsabilidad Precede al tít.: Academia de Jurisprudencia y Legislación de Barcelona.
594 ## - Nota al título y mención de responsabilidad
Nota al título y mención de responsabilidad Tema en p. 4: "Necesidad de la propiedad inmueble corporativa, y para las fundaciones perpetuas. Condiciones jurídicas y económicas que debe reunir. Derechos y deberes del Estado con relación a la misma. Objeto, forma y límites de la misma"
650 #4 - PUNTO DE ACCESO ADICIONAL DE MATERIA--TÉRMINO DE MATERIA
Término de materia o nombre geográfico como elemento de entrada Propiedad.
9 (RLIN) 16476
710 2# - ENTRADA AGREGADA--NOMBRE DE ENTIDAD CORPORATIVA
Nombre de entidad corporativa o nombre de jurisdicción como elemento de entrada Academia de Jurisprudencia y Legislación de Barcelona.
9 (RLIN) 1182
852 ## - LOCALIZACIÓN
Ubicación ES-MaACL
Número de control de estantería T-661-F-7
Nota libre - Enc. hol., conservando cub. original
-- - Enc. en un vol. facticio
Holdings
Estatus retirado Estado de pérdida Estado de daño No para préstamo Colección Biblioteca de origen Biblioteca actual Ubicación en estantería Fecha de adquisición Total de préstamos Signatura topográfica completa Código de barras Visto por última vez Precio de reemplazo Tipo de ítem Koha
        Colección de folletos Biblioteca del Ateneo de Madrid Biblioteca del Ateneo de Madrid Depósito folletos 17/01/2008   T-661-F-7 1173183 23/02/2023 23/02/2023 Folleto